| Tag |
First Indicator |
Second Indicator |
Subfields |
| LEADER |
00000nam a2200000Ia 4500 |
| 001 |
in00004179949 |
| 005 |
20200807084918.0 |
| 006 |
m g d |
| 007 |
cr bn |||a|bb| |
| 008 |
090520s1505 enk o 000 0 eng d |
| 040 |
|
|
|a UMI
|e dcrb
|c UMI
|
| 035 |
|
|
|a (OCoLC)328107400
|
| 037 |
|
|
|a CL0036000083
|b ProQuest, 789 E. Eisenhower Parkway, Ann Arbor, MI 48108-3218
|
| 090 |
|
|
|a PR2199
|b .S64 1505
|
| 049 |
|
|
|a UMIA
|
| 130 |
0 |
|
|a Smith that forged him a new dame.
|
| 245 |
1 |
0 |
|a [Here begynneth a treatyse of the smyth whych that forged hym a new dame].
|
| 246 |
2 |
|
|a Smyth whych that forged hym a new dame
|
| 260 |
|
|
|a [London :
|b W. de Worde,
|c circa 1505]
|
| 300 |
|
|
|a 1 online resource ([2+] leaves.
|
| 336 |
|
|
|a text
|b txt
|2 rdacontent
|
| 337 |
|
|
|a computer
|b c
|2 rdamedia
|
| 338 |
|
|
|a online resource
|b cr
|2 rdacarrier
|
| 500 |
|
|
|a Another edition of: The smith that forged him a new dame.
|
| 500 |
|
|
|a In verse.
|
| 500 |
|
|
|a Imprint from STC (2nd edition).
|
| 500 |
|
|
|a Publication date conjectured by STC.
|
| 500 |
|
|
|a Verso of leaf 2, line 28: 'He hente her up than on hye.'
|
| 500 |
|
|
|a Imperfect: leaves 2 and 5 only; best copy available for photographing.
|
| 500 |
|
|
|a Reproduction of the original in the Bodleian Library.
|
| 510 |
4 |
|
|a STC (2nd edition),
|c 22653.5
|
| 533 |
|
|
|a Electronic reproduction.
|b Ann Arbor, Mich. :
|c UMI,
|d 1999-
|f (Early English books online)
|n Digital version of: (Early English books, 1475-1640 ; 2332:8)
|7 s1999 miun s
|
| 830 |
|
0 |
|a Early English books online.
|
| 856 |
4 |
0 |
|u http://proxy.library.tamu.edu/login?url=https://search.proquest.com/docview/2240925653
|z Connect to the full text of this electronic book
|t 0
|
| 994 |
|
|
|a 02
|b UMI
|
| 999 |
f |
f |
|s ae617b30-4b13-3793-839d-03381428671b
|i 3467af6e-7f1c-31a8-a43b-31b6c66b1c98
|t 0
|
| 952 |
f |
f |
|a Texas A&M University
|b College Station
|c Electronic Resources
|d Available Online
|t 0
|e PR2199 .S64 1505
|h Library of Congress classification
|
| 998 |
f |
f |
|a PR2199 .S64 1505
|t 0
|l Available Online
|